| 000 | 00855naa a2200241 i 4500 | ||
|---|---|---|---|
| 001 | 35034 | ||
| 003 | ES-MaBCM | ||
| 005 | 20241016103801.0 | ||
| 008 | 950606s1995 fra 000 0 fre d | ||
| 021 | _axx | ||
| 035 | _a(OCoLC)1365183279 | ||
| 040 | _cES-MaBCM | ||
| 041 | 0 | _afre | |
| 043 | _afra | ||
| 245 | 0 | 3 | _aLa France, le monde dans les années 1981-1995 |
| 520 | _aCronología (política interior, economía y cuestiones sociales,cultura, vida internacional y defensa) de los acontecimientos ocurridos durante los años de mandato de F. Mitterrand | ||
| 650 | 2 | 7 |
_aRelación internacional _960079 |
| 650 | 2 | 4 |
_a1981-1995 _957160 |
| 651 | 4 |
_aFrancia _9115364 |
|
| 650 | 2 | 7 |
_aSituación política _960283 |
| 773 | 0 |
_aEn: _tRegards sur l'actualité _dParis : 1995 _w104654 _gnº 209-210, mars-avril, p. 73-266. - Loc. S.327 |
|
| 942 | _cAREV | ||
| 999 |
_c35034 _d35034 |
||